Dynamic industrial policy in Africa : economic report on Africa.
| Format: | Book |
|---|---|
| Published: |
Addis Ababa, Ethiopia:
United Nations Economic Commission for Africa,
2014.
|
| Subjects: |
| LEADER | 00487cam a2200145 7i4500 | ||
|---|---|---|---|
| 001 | 0000031672 | ||
| 005 | 20140917090000.0 | ||
| 020 | 0 | 0 | |a 9789211251227 |
| 090 | 0 | 0 | |a AFRI 338.96 |b DYN |
| 245 | 0 | 0 | |a Dynamic industrial policy in Africa : |b economic report on Africa. |
| 260 | 0 | 0 | |a Addis Ababa, Ethiopia: |b United Nations Economic Commission for Africa, |c 2014. |
| 300 | # | # | |a 128 p. |
| 650 | 0 | 0 | |a Industrial policy -- |z Africa |
| 651 | 0 | 0 | |a Africa |
| 999 | |a 0000034618 |b Book |c Regions |e Business Information Centre | ||


